[Event "Gdansk-ch 8th"]
[Site "Gdansk"]
[Date "2006.07.23"]
[Round "2"]
[White "Czerwinski, Marek"]
[Black "Greczycho, Leszek"]
[Result "1-0"]
[WhiteElo "2015"]
[BlackElo "1864"]
[PlyCount "47"]
[EventDate "2006.07.23"]
[EventType "swiss"]
[EventRounds "9"]
[EventCountry "POL"]
[SourceTitle "EXT 2008"]
[Source "ChessBase"]
[SourceDate "2007.11.25"]
[SourceVersion "1"]
[SourceVersionDate "2007.11.25"]
[SourceQuality "1"]

1. e4 c5 2. Nf3 Nc6 3. d3 h6 4. c3 e5 5. Be2 Nf6 6. Qc2 a6 7. a4 d6 8. Nbd2 Be7 9. 0-0 0-0 10. Nc4 Bd7 11. Rd1 Qc7 12. Be3 b5 13. axb5 axb5 14. Ncd2 Rfc8 15. Rac1 Ra2 16. d4 cxd4 17. cxd4 exd4 18. Bf4 g5 19. Bg3 Qb6 20. Qb3 Ra5 21. Nc4 Qa6 22. Nxa5 Nxa5 23. Rxc8+ Bxc8 24. Qxb5 1-0

[Event "Rowy Seniors op 7th"]
[Site "Rowy"]
[Date "2003.09.06"]
[Round "7"]
[White "Greczycho, Leszek"]
[Black "Ciszewski, Eugeniusz"]
[Result "0-1"]
[WhiteElo "2031"]
[BlackElo "1966"]
[PlyCount "60"]
[EventDate "2003.08.??"]
[EventType "swiss"]
[EventRounds "9"]
[EventCountry "POL"]
[SourceTitle "EXT 2006"]
[Source "ChessBase"]
[SourceDate "2005.11.24"]
[SourceVersion "1"]
[SourceVersionDate "2005.11.24"]
[SourceQuality "1"]

1. e4 e5 2. Nf3 d6 3. d4 Nf6 4. dxe5 Nxe4 5. Bc4 c6 6. 0-0 d5 7. Bb3 Be6 8. c3 Nd7 9. Be3 Qc7 10. Nbd2 Nxd2 11. Qxd2 Nxe5 12. Nxe5 Qxe5 13. Rae1 Qc7 14. f4 g6 15. Bd4 Rg8 16. f5 gxf5 17. Rxf5 0-0-0 18. Rh5 h6 19. Bf6 Re8 20. Qf2 b6 21. Bc2 Rg4 22. Bf5 Rf4 23. Qg3 Bc5+ 24. Bd4 Bxd4+ 25. cxd4 Rxd4 26. Qxc7+ Kxc7 27. Rxh6 Rd2 28. Bxe6 Rxb2 29. Rf1 Rxe6 30. Rxe6 fxe6 0-1

[Event "Rowy Seniors op 7th"]
[Site "Rowy"]
[Date "2003.09.04"]
[Round "5"]
[White "Niesteruk, Mikolaj"]
[Black "Greczycho, Leszek"]
[Result "1-0"]
[WhiteElo "2000"]
[BlackElo "2031"]
[PlyCount "115"]
[EventDate "2003.08.??"]
[EventType "swiss"]
[EventRounds "9"]
[EventCountry "POL"]
[SourceTitle "EXT 2006"]
[Source "ChessBase"]
[SourceDate "2005.11.24"]
[SourceVersion "1"]
[SourceVersionDate "2005.11.24"]
[SourceQuality "1"]

1. e4 c5 2. Nf3 Nc6 3. d4 cxd4 4. Nxd4 e6 5. g3 Nf6 6. Bg2 Bc5 7. Nb3 Bb6 8. 0-0 0-0 9. Nc3 a6 10. Re1 d6 11. Bg5 Bc7 12. Qf3 Ne5 13. Qe2 h6 14. Bf4 Nfd7 15. Rad1 Qe7 16. Be3 Ng6 17. f4 Nb6 18. a4 Bd7 19. e5 d5 20. Bc5 Qd8 21. Bxf8 Nxf8 22. Nc5 Bc6 23. b3 Rc8 24. Qg4 Nbd7 25. Nxd7 Qxd7 26. Ne4 Bb6+ 27. Kh1 Ng6 28. h4 Qe7 29. Nd6 Rc7 30. h5 Nf8 31. f5 Qg5 32. Qxg5 hxg5 33. fxe6 fxe6 34. Rf1 Ba5 35. c4 Bc3 36. cxd5 Bd7 37. Nc4 b5 38. Rd3 b4 39. dxe6 Nxe6 40. Rfd1 Nc5 41. Rd6 Bf5 42. Bd5+ Kh7 43. Rf1 g6 44. hxg6+ Bxg6 45. Rff6 Bb1 46. Rf8 Nxb3 47. e6 Nc5 48. Rf7+ Rxf7 49. exf7 Bg7 50. Rd8 b3 51. Nb2 Kg6 52. f8Q Bxf8 53. Rxf8 Kh5 54. Rc8 Nd3 55. Nxd3 Bxd3 56. Bxb3 Kg4 57. Kg2 Be4+ 58. Kf2 1-0

[Event "Rowy Seniors op 7th"]
[Site "Rowy"]
[Date "2003.08.31"]
[Round "1"]
[White "Greczycho, Leszek"]
[Black "Hoc, Tadeusz"]
[Result "1-0"]
[WhiteElo "2031"]
[BlackElo "1800"]
[PlyCount "24"]
[EventDate "2003.08.??"]
[EventType "swiss"]
[EventRounds "9"]
[EventCountry "POL"]
[SourceTitle "EXT 2006"]
[Source "ChessBase"]
[SourceDate "2005.11.24"]
[SourceVersion "1"]
[SourceVersionDate "2005.11.24"]
[SourceQuality "1"]

1. e4 c5 2. Nf3 Nc6 3. c3 d5 4. exd5 Qxd5 5. Be2 e5 6. d3 Nf6 7. 0-0 Be7 8. Na3 a6 9. Nc4 Bd8 10. Bg5 b5 11. Bxf6 gxf6 12. Ne3 Qd6 1-0